|
|
|
|
| LEADER |
00587cam a2200169 7i4500 |
| 001 |
0000005538 |
| 005 |
19991025090000.0 |
| 002 |
##000007173 |
| 020 |
0 |
0 |
|a T000005618
|
| 090 |
0 |
0 |
|a LAOS 346.092
|b LAW
|
| 245 |
0 |
0 |
|a Law on the promotion and management of foreign investment in the Lao People's Democratic Republic.
|
| 250 |
0 |
0 |
|a 3rd ed..
|
| 260 |
0 |
0 |
|a [s.l]:
|b The Foreign Investment Management Committee,
|c 1994.
|
| 300 |
0 |
0 |
|a 7 p..
|
| 650 |
0 |
0 |
|a Investments, Foreign --
|x Law and legislation --
|z Laos
|
| 651 |
0 |
0 |
|a Laos, Republic of
|
| 999 |
|
|
|a 0000008342
|b Book
|c Open shelf
|e Business Information Centre
|